| 000 | 00642nam a2200217Ii 4500 | ||
|---|---|---|---|
| 003 | JO-AjNU | ||
| 008 | 230606s9999||||xx |||||||||||||| ||und|| | ||
| 020 | _a978-0-19-883876-0 | ||
| 040 |
_aJO-AjNU _beng _erda _cJO-AjNU |
||
| 041 | _aeng | ||
| 050 | 1 | 4 | _aKD810 .B53 2019 |
| 100 | 3 |
_aedited Thomas, Meryl , _eauthor _96122 |
|
| 245 | 0 | 0 | _aBlackstone's statutes on Property Law 2019-2020 |
| 250 | _a27th ed | ||
| 264 | 3 | 1 | _aOxford: Oxford University Press, 2019 |
| 300 | _a412p | ||
| 336 |
_atext _btxt _2rdacontent |
||
| 337 |
_aunmediated _bn _2rdamedia |
||
| 338 |
_avolume _bnc _2rdacarrier |
||
| 650 | 4 |
_aEngland; Property; Law _96123 |
|
| 999 |
_aE3178 _c3174 _d3174 |
||